000 00546nam a2200217Ia 4500
003 OSt
005 20221005133048.0
006 a|||||r|||| 00| 0
007 ta
008 221004b |||||||| |||| 00| 0 hin d
024 _a45756
037 _cTextual
040 _aCRL
_cCRL
_bhin
041 _2hin
_ahin
082 _aY:7:7.2, 156K0.2
100 _aDhikari Dharma
_9642013
245 0 _aVicharkranti
650 _aSOCIOLOGY
942 _hY:7:7.2, 156K0.2
_cTEXL
_2cc
999 _c1065616
_d1065616